|
|
|
|
| LEADER |
01858cas a2200349 a 4500 |
| 001 |
AALejournalIMF022585 |
| 008 |
230101c9999 xx r poo 0 0eng d |
| 020 |
|
|
|c 20.00 USD
|
| 020 |
|
|
|z 9798400204524
|
| 022 |
|
|
|a 2616-5333
|
| 040 |
|
|
|a BD-DhAAL
|c BD-DhAAL
|
| 100 |
1 |
|
|a Ding, Xiaodan.
|
| 245 |
1 |
4 |
|a The Global Bank Stress Test /
|c Xiaodan Ding, Marco Gross, Ivo Krznar, Dimitrios Laliotis, Fabian Lipinsky.
|
| 264 |
|
1 |
|a Washington, D.C. :
|b International Monetary Fund,
|c 2022.
|
| 300 |
|
|
|a 1 online resource (40 pages)
|
| 490 |
1 |
|
|a Departmental Papers
|
| 500 |
|
|
|a <strong>Off-Campus Access:</strong> No User ID or Password Required
|
| 500 |
|
|
|a <strong>On-Campus Access:</strong> No User ID or Password Required
|
| 506 |
|
|
|a Electronic access restricted to authorized BRAC University faculty, staff and students
|
| 520 |
3 |
|
|a This paper presents the framework underlying the Global Bank Stress Test (GST) and applies it to recent data and global scenarios to illustrate the usefulness of the framework in assessing the potential impact of global shocks on banks around the world. The results of this latest update of the GST continue to point to relatively lower levels of resilience of banks in emerging market economies (EMs) than in advanced economies (AEs).
|
| 538 |
|
|
|a Mode of access: Internet
|
| 650 |
|
7 |
|a Banks
|2 imf
|
| 650 |
|
7 |
|a Depository Institutions
|2 imf
|
| 650 |
|
7 |
|a Financial Crises
|2 imf
|
| 650 |
|
7 |
|a Financial Institutions and Services
|2 imf
|
| 650 |
|
7 |
|a Micro Finance Institutions
|2 imf
|
| 700 |
1 |
|
|a Gross, Marco.
|
| 700 |
1 |
|
|a Krznar, Ivo.
|
| 700 |
1 |
|
|a Laliotis, Dimitrios.
|
| 700 |
1 |
|
|a Lipinsky, Fabian.
|
| 830 |
|
0 |
|a Departmental Papers; Departmental Paper
|v ;No 2022/009
|
| 856 |
4 |
0 |
|z Full text available on IMF
|u https://elibrary.imf.org/openurl?genre=journal&issn=2616-5333&volume=2022&issue=009
|z IMF e-Library
|